Normal view
MARC view
Entry Término temático
001 - NÚMERO DE CONTROL
- campo de control: 31013
003 - IDENTIFICADOR DEL NÚMERO DE CONTROL
- campo de control: OSt
005 - FECHA Y HORA DE LA ÚLTIMA TRANSACCIÓN
- campo de control: 20200615033256.0
008 - DATOS DE LONGITUD FIJA
- campo de control de longitud fija: 200615|| aca||aabn | a|a d
040 ## - FUENTE DE LA CATALOGACIÓN
- Centro catalogador/agencia de origen: OSt
- Centro/agencia transcriptor: OSt
150 ## - ENCABEZAMIENTO--TÉRMINO DE MATERIA
- Término de materia o nombre geográfico como elemento de entrada: REHABILITACIÓN DE DELINCUENTES
- Subdivisión geográfica: PUERTO RICO
670 ## - FUENTE DE DATOS ENCONTRADOS
- Cita de la fuente: Work cat.: (OSt)13229: Malavet Vega, Pedro, 1937- 31010, El sistema de justicia criminal en Puerto Rico /, 2012.
